| 000 | 00913nam a22001937a 4500 | ||
|---|---|---|---|
| 999 |
_c59465 _d59465 |
||
| 003 | Ge_BSU | ||
| 005 | 20230224145510.0 | ||
| 008 | 230224s2009 ge ||||| |||| 00| 0 geo d | ||
| 041 | _ageo | ||
| 080 | _a657.6(075.8) ც-68 | ||
| 100 |
_aცირამუა, ედუარდ _917037 |
||
| 245 |
_aაუდიტი :თეორია, მეთოდიკა, ტექნიკა : _b[სახელმძღვანელო სტუდენტებისთვის] / _cედუარდ ცირამუა ; [მეცნ.-რედ. ე. ხარაბაძე]. |
||
| 264 |
_aთბილისი, _c2009. |
||
| 300 |
_a355 გვ. : _bცხრ. ; _c20 სმ. |
||
| 501 | _a დანართები: გვ. 318-350. | ||
| 504 | _a ბიბლიოგრ. ტექსტ. შენიშვნ. და გვ. 350-351. | ||
| 653 | _aაუდიტი | ||
| 942 |
_2udc _cBK |
||